MARC

LEADER 00000nam0a2200000 4500
001 289132
005 20231102000146.0
020 |a RU  |b 80-45095 
035 |a (RuTPU)RU\TPU\book\313637 
090 |a 289132 
100 |a 20150331d1980 k a0rusy5003 ca 
101 0 |a rus 
102 |a RU 
105 |a y z 001zy 
200 1 |a Диалектика снятия в органической эволюции  |f В. И. Стрельченко  |g Академия наук СССР (АН СССР), Ленинградская кафедра философии ; под ред. Е. Ф. Солопова 
210 |a Ленинград  |c Наука  |c Ленингр. отд-ние  |d 1980 
215 |a 188 с. 
606 1 |a Эволюционное учение  |2 stltpush  |3 (RuTPU)RU\TPU\subj\26485  |9 50401 
610 1 |a биология 
610 1 |a эволюция 
610 1 |a философские проблемы 
610 1 |a диалектика 
610 1 |a органическая эволюция 
610 1 |a философские категории 
610 1 |a снятие 
675 |a 575.8:1  |z rus  |v 3 
700 1 |a Стрельченко  |b В. И.  |g Василий Иванович 
702 1 |a Солопов  |b Е. Ф.  |4 340 
712 0 2 |a Академия наук СССР (АН СССР)  |b Ленинградская кафедра философии  |2 stltpush  |3 (RuTPU)RU\TPU\col\722 
801 0 |a RU  |b RuMRKP  |c 19950704  |g psbo 
801 1 |a RU  |b 63413507  |c 20150331 
801 2 |a RU  |b 63413507  |c 20210513  |g RCR 
942 |c BK